Statistics for APUSH Time Periods

Click here to take the quiz!

General Stats

  • This quiz has been taken 29 times
  • The average score is 3 of 11

Answer Stats

HintAnswerBeginning and End% Correct
1607-1763Colonial EraStarted: Jamestown founded
Ended: French and Indian War
71%
1815-1824Era of Good FeelingsStarted: War of 1812 ended
Ended: Election of 1824
58%
1865-1877Reconstruction EraStarted: Civil War ended
Ended: Compromise of 1877 (Election of Hayes)
46%
1828-1848Jacksonian EraStarted: Andrew Jackson elected president
Ended: Mexican War ended/James Polk leaves office
33%
1689-1763Salutary NeglectStarted: Relaxed enforcement of trade laws and regulations in America
Ended: French and Indian War
29%
1793-1861AntebellumStarted: Cotton gin invented/rise of slavery
Ended: Civil War started
21%
1781-1789Confederation PeriodStarted: States surrender their western land claims.
Ended: Ratification of the Constitution
21%
1800-1815Jeffersonian EraStarted: Election of Jefferson (Revolution of 1800)
Ended: War of 1812 ended
21%
1788-1800Federalist EraStarted: Establishment of the Federalist party
Ended: Election of Jefferson (Revolution of 1800)
13%
1763-1783Revolutionary EraStarted: England ended salutary neglect
Ended: Treaty of Paris signed ending Revolution
8%
~1874-1877Southern RedemptionStarted: Death of Radical Republican leaders (Sumner, Stevens)
Ended: Compromise of 1877 (Election of Hayes)
8%

Score Distribution

Percentile by Number Answered

Percent of People with Each Score

Your Score History

You have not taken this quiz